[Event "7th Stage Russian Cup"]
[Site "Togliatty RUS"]
[Date "2001.08.14"]
[Round "7"]
[White "Iljin,A"]
[Black "Bryzgalin,K"]
[Result "1-0"]
[WhiteElo "2272"]
[BlackElo "2391"]

1.Nf3 Nf6 2.c4 c6 3.d4 d5 4.Qc2 dxc4 5.Qxc4 Bf5 6.Nc3 e6 7.g3 Nbd7 8.Bg2 h6
9.O-O Be7 10.e3 O-O 11.Qe2 Bh7 12.e4 Bb4 13.Nd2 e5 14.Nb3 exd4 15.Nxd4 Nc5
16.Rd1 Bxc3 17.Ne6 Qxd1+ 18.Qxd1 Nxe6 19.bxc3 Bxe4 20.f3 Bd5 21.Qd3 b5 22.Qf5 Nd7
23.Bf1 Rfe8 24.a4 a6 25.Be3 Red8 26.Kf2 Bb3 27.a5 Nf6 28.Qb1 Bd5 29.Qb4 Rac8
30.Rd1 c5 31.Qh4 Ne8 32.Bh3 Rd7 33.Bf5 Kf8 34.g4 Rcc7 35.f4 Kg8 36.g5 hxg5
37.fxg5 g6 38.Bg4 N8g7 39.Bf4 Rb7 40.Be5 Be4 41.Rxd7 Rxd7 42.Bxe6  1-0

[Event "ch-AUT women"]
[Site "Mureck AUT"]
[Date "2001.08.15"]
[Round "8"]
[White "Mira,H"]
[Black "Hennings,M"]
[Result "0-1"]
[WhiteElo "2122"]
[BlackElo "2015"]

1.d4 d5 2.Nf3 Nf6 3.c4 c6 4.Qc2 Nbd7 5.cxd5 cxd5 6.Bf4 Qa5+ 7.Nc3 e6 8.Rc1 Bb4
9.a3 Bxc3+ 10.Qxc3 Qxc3+ 11.Rxc3 O-O 12.e3 Ne4 13.Rc7 f6 14.Bd3 Rf7 15.Bxe4 dxe4
16.Nd2 f5 17.O-O Nf6 18.Rxf7 Kxf7 19.Nc4 Nd5 20.Be5 g6 21.Rc1 Ke7 22.Nd6 Kd7
23.f3 exf3 24.gxf3 Nxe3 25.Nxb7 Nd5 26.Nc5+ Ke7 27.b4 Bd7 28.Nxd7 Kxd7 29.Rc5 g5
30.Kf2 h5 31.b5 Rc8 32.a4 Nc3 33.Rxc8 Kxc8 34.d5 Nxd5 35.a5 Kb7 36.Bd4 Ne7
37.a6+ Ka8 38.b6 axb6 39.Bxb6 Nd5 40.Bc5 Nc7 41.Be7 g4 42.fxg4 hxg4 43.Kg3 Ka7
44.Bc5+ Kxa6 45.Kf4 Kb5 46.Bd6 Kc6 47.Ke5 Ne8 48.Bb8 Kd7 49.Ba7 Ke7 50.Bb8 Kf7
51.Kf4 Nf6 52.Be5 Nd7 53.Bd6 Kf6 54.h3 gxh3 55.Kg3 e5 56.Kxh3 Kg5 57.Kg3 f4+
58.Kf2 Kg4 59.Ke2 e4 60.Kf2 Nf6 61.Bc5 Nd5 62.Kg2 e3 63.Kf1 f3 64.Kg1 Kf4
65.Kf1 Ke4 66.Bd6 Nf6 67.Bg3 Ng4 68.Ke1 Kd3 69.Kf1 f2 70.Kg2 Ke2  0-1

[Event "I American Continental"]
[Site "Cali COL"]
[Date "2001.08.18"]
[Round "9"]
[White "Araque,R"]
[Black "Lopez,CM"]
[Result "1-0"]
[WhiteElo "2388"]
[BlackElo "2321"]

1.d4 d5 2.Nf3 Nf6 3.c4 c6 4.Qc2 dxc4 5.Qxc4 Bf5 6.g3 e6 7.Bg2 Nbd7 8.O-O Be7
9.Nc3 O-O 10.a4 Ne4 11.a5 c5 12.Rd1 Rc8 13.Qb5 Nxc3 14.bxc3 Be4 15.Bf4 Bc6
16.Qb2 cxd4 17.cxd4 Be4 18.Ne1 Bxg2 19.Kxg2 b6 20.axb6 axb6 21.e4 Re8 22.Ra7 Ra8
23.Rda1 Rxa7 24.Rxa7 e5 25.Qb5 Nf6 26.Bxe5 Nxe4 27.Nf3 Bf8 28.Qc6 Nf6 29.Ng5 Re7
30.Ra8 Qd7 31.Qxd7 Rxd7 32.Bxf6 gxf6 33.Nxh7 Kxh7 34.Rxf8 Rxd4 35.Rxf7+ Kg6
36.Rb7 Rb4 37.h4 Rb3 38.g4 Kh6 39.Rc7 Kg6 40.Rc6 Kg7 41.f3 Rb4 42.Kg3 Kf7
43.g5 fxg5 44.hxg5 b5 45.f4 Rd4 46.Rb6 b4 47.f5 Ke7 48.g6 b3 49.f6+ Ke8 50.f7+ Ke7
51.Rb7+  1-0

[Event "Open"]
[Site "Feffernitz AUT"]
[Date "2001.08.21"]
[Round "4"]
[White "Horvath,P1"]
[Black "Balzar,A"]
[Result "1/2-1/2"]
[WhiteElo "2441"]
[BlackElo "2362"]

1.d4 d5 2.c4 c6 3.Nf3 Nf6 4.Qc2 e6 5.Bg5 Nbd7 6.cxd5 exd5 7.Nc3 Bd6 8.e3 Nf8
9.Bd3 Ng6 10.O-O-O h6 11.Bxg6 hxg5 12.Nxg5 fxg6 13.Qxg6+ Kd7 14.Nf7 Qe8 15.Qxg7 Rh7
16.Ne5+ Ke6 17.Qg3 Qg8 18.Qf3 Qg5 19.g4 Bxe5 20.dxe5 Qxe5 21.h4 Ke7 22.g5 Ne4
23.Ne2 Bf5 24.Ng3 Rf8 25.Qe2 Qd6 26.Nxf5+ Rxf5 27.f4 Ng3 28.Qd3 Nxh1 29.Qxf5 Rxh4
30.Qc8 Qc5+ 31.Kb1 Nf2 32.Qxb7+ Kf8 33.Qc8+ Kg7 34.Qd7+ Kf8 35.Qd8+ Kf7 36.Qf6+ Ke8
37.Qe6+ Kd8 38.Rc1 Qe7 39.Qxc6 Qe4+ 40.Ka1 Rh1 41.Qa8+ Ke7 42.Qxa7+ Ke6 43.Qa6+ Kf5
44.Qc8+ Kg6 45.Qc6+ Kf5 46.Qc8+ Kg6 47.Qc6+ Kf5  1/2-1/2

[Event "Open"]
[Site "Feffernitz AUT"]
[Date "2001.08.23"]
[Round "6"]
[White "Horvath,P1"]
[Black "Teske,H"]
[Result "0-1"]
[WhiteElo "2441"]
[BlackElo "2486"]

1.d4 d5 2.c4 c6 3.Nf3 dxc4 4.e3 Be6 5.Qc2 Nf6 6.Bxc4 Bxc4 7.Qxc4 Nbd7 8.O-O e6
9.Nc3 Be7 10.e4 O-O 11.Bf4 Rc8 12.Qe2 a6 13.Rfd1 Re8 14.Ne5 b5 15.Rd3 Qb6
16.Rad1 Red8 17.g4 Nxe5 18.Bxe5 Nd7 19.Bf4 Bf8 20.e5 c5 21.d5 c4 22.Rh3 exd5
23.Nxd5 Qg6 24.Rh5 Nb6 25.Ne3 Qe4 26.Bg3 Nd5 27.Re1 Nxe3 28.Qxe3 Qxg4 29.Rg5 Qe6
30.Qe4 Rd2 31.Re2 Rcd8 32.f4 h6 33.f5 Rxe2 34.Qxe2 Qd5 35.Rg4 Bc5+ 36.Bf2 Qd1+  0-1

[Event "VI Cup GM"]
[Site "Paks HUN"]
[Date "2001.08.23"]
[Round "6"]
[White "Kustar,S"]
[Black "Sundararajan,K"]
[Result "1/2-1/2"]
[WhiteElo "2409"]
[BlackElo "2421"]

1.d4 d5 2.Nf3 Nf6 3.c4 c6 4.Qc2 g6 5.Bf4 dxc4 6.Qxc4 Bg7 7.g3 O-O 8.Bg2 Na6
9.O-O Qb6 10.Qc1 c5 11.dxc5 Qxc5 12.Nc3 Nb4 13.Bh6 Nc6 14.Bxg7 Kxg7 15.Qf4 Qf5
16.Rfd1 Qxf4 17.gxf4 Bf5 18.Ne5 Nxe5 19.fxe5 Ng4 20.Rd5 Be6 21.Rb5 Rab8 22.h3  1/2-1/2

[Event "Rubinstein Open"]
[Site "Polanica Zdroj POL"]
[Date "2001.08.24"]
[Round "9"]
[White "Lagowski,P"]
[Black "Gralka,J"]
[Result "0-1"]
[WhiteElo "2346"]
[BlackElo "2215"]

1.d4 d5 2.c4 c6 3.Nf3 Nf6 4.Qc2 dxc4 5.Qxc4 Bf5 6.Nc3 e6 7.g3 Be7 8.Bg2 O-O
9.O-O Nbd7 10.Bg5 h6 11.Bxf6 Nxf6 12.Ne5 Qb6 13.e4 Bh7 14.Rfd1 Rad8 15.a3 Nd7
16.Ng4 Nf6 17.Ne3 Rd7 18.b4 Rfd8 19.d5 cxd5 20.exd5 e5  0-1

[Event "10th Open"]
[Site "Kavala GRE"]
[Date "2001.08.25"]
[Round "5"]
[White "Dimitrov,A"]
[Black "Zanellato,L"]
[Result "1-0"]
[WhiteElo "2303"]
[BlackElo "2061"]

1.d4 d5 2.c4 c6 3.Nf3 Nf6 4.Qc2 g6 5.Nc3 Bg7 6.Bf4 Na6 7.e3 Bf5 8.Qb3 Qb6
9.Qxb6 axb6 10.cxd5 Nxd5 11.Nxd5 cxd5 12.Bb5+ Bd7 13.Bxd7+ Kxd7 14.Kd2 Bf6
15.Rac1 Rhc8 16.Be5 Rc6 17.g4 Rac8 18.a3 Nb8 19.Bxf6 exf6 20.Rxc6 bxc6 21.b4 Na6
22.Rb1 b5 23.Ne1 Nc7 24.Nd3 Ne6 25.Ra1 Ra8 26.f4 Kd6 27.h4 h6 28.Kc3 f5 29.g5 hxg5
30.hxg5 Rh8 31.Ne5 Nd8 32.a4 bxa4 33.Rxa4 Rh3 34.Kd3 Rh1 35.Ra7 Rh8 36.Rxf7  1-0

[Event "FSIMB September"]
[Site "Budapest HUN"]
[Date "2001.09.01"]
[Round "1"]
[White "Eperjesi,L"]
[Black "Gouret,T"]
[Result "1-0"]
[WhiteElo "2255"]
[BlackElo "2320"]

1.d4 d5 2.c4 dxc4 3.Nf3 c6 4.e3 Be6 5.Qc2 Nf6 6.Bxc4 Bxc4 7.Qxc4 e6 8.Nc3 Be7
9.O-O O-O 10.e4 Nbd7 11.Rd1 Qa5 12.Bf4 Rac8 13.a3 b5 14.Qe2 a6 15.h3 Qb6
16.Bh2 Rfe8 17.Rac1 h6 18.Kh1 Qb7 19.Ne5 Nxe5 20.Bxe5 Nd7 21.Bf4 Nb6 22.Rd3 c5
23.Qg4 Kh7 24.d5 exd5 25.Qf5+ Kh8 26.Nxd5 Nxd5 27.exd5 Bf6 28.d6 Rcd8 29.Rxc5 Qe4
30.d7 Qe1+ 31.Kh2 Re2 32.Re3 Rxe3 33.fxe3 Qh4 34.Rc8  1-0

[Event "EYCC B16"]
[Site "Halkidiki GRE"]
[Date "2001.09.01"]
[Round "2"]
[White "Chapar,S"]
[Black "Cornette,M"]
[Result "1/2-1/2"]
[WhiteElo "2253"]
[BlackElo "2383"]

1.d4 d5 2.Nf3 Nf6 3.c4 c6 4.Qc2 dxc4 5.Qxc4 Bf5 6.Nc3 e6 7.Bg5 Qb6 8.Bc1 Nbd7
9.g3 Be7 10.Bg2 O-O 11.O-O Ne4 12.Nd2 Nxd2 13.Bxd2 Qxb2 14.e4 Qxd2 15.exf5 exf5
16.Rfd1 Qc2 17.Rac1 Nb6 18.Qf1 Qb2 19.Qd3 Rad8 20.Ne2 g6 21.a4 Qa3 22.a5 Qxd3
23.Rxd3 Nd5 24.Bxd5 Rxd5 25.a6 bxa6 26.Rxc6 Bd8 27.Nc3 Rd7 28.Rxa6 Bb6 29.d5 Re8
30.Ra4 Ree7 31.Ra3 Re1+ 32.Kg2 Kg7 33.d6 Rd8 34.Ra2 Rd7 35.Kf3  1/2-1/2

[Event "EYCC B18"]
[Site "Halkidiki GRE"]
[Date "2001.09.06"]
[Round "6"]
[White "Jirka,J"]
[Black "Pataki,G"]
[Result "1/2-1/2"]
[WhiteElo "2292"]
[BlackElo "2347"]

1.d4 d5 2.Nf3 Nf6 3.g3 c6 4.c4 dxc4 5.Bg2 b5 6.a4 Bb7 7.Ne5 a6 8.b3 cxb3
9.Qxb3 e6 10.Bb2 Be7 11.O-O O-O 12.Rc1 Nd5 13.Nd2 f6 14.Nd3 Re8 15.e4 Nc7
16.Nf4 Bd6 17.Nc4 Bf8 18.d5 Nxd5 19.exd5 exd5 20.Ne3 Nd7 21.Rd1 Kh8 22.Qc2 Ne5
23.Be4 g6 24.Nxg6+ hxg6 25.Bxg6 Bg7 26.Qf5 Nxg6 27.Qxg6 Rxe3 28.fxe3 c5 29.Rf1 d4
30.Qh5+ Kg8 31.axb5 Qe7 32.bxa6 Qxe3+ 33.Rf2 Rxa6 34.Qe2 Rxa1+ 35.Bxa1 Bh6
36.Bb2 Qxe2 37.Rxe2 Be3+ 38.Rxe3 dxe3 39.Bxf6 Kf7 40.Bg5 e2 41.Kf2 Ba6 42.Be3 Kg6
43.Bxc5 Kh5 44.h3 Bc8 45.g4+  1/2-1/2

[Event "EYCC G16"]
[Site "Halkidiki GRE"]
[Date "2001.09.09"]
[Round "9"]
[White "Chistiakova,T"]
[Black "Vakhania,A"]
[Result "1/2-1/2"]
[WhiteElo "2160"]
[BlackElo "2116"]

1.Nf3 d5 2.d4 Nf6 3.c4 c6 4.Qb3 g6 5.g3 Bg7 6.Bg2 O-O 7.O-O b6 8.Nc3 Bb7
9.Bf4 Nbd7 10.cxd5 cxd5 11.Ne5 e6 12.Nb5 Ne8 13.Nf3 Nb8 14.Bxb8 Qxb8 15.Rfc1 a6
16.Nc3 b5 17.a4 Nd6 18.axb5 axb5 19.e3 Rc8 20.Bf1 Rxa1 21.Rxa1 Bc6 22.Na2 Nc4
23.Nb4 Be8 24.Be2 Bf8 25.Nd3 b4 26.h4 Qb7 27.Kg2 Ra8 28.Rxa8 Qxa8 29.Nc5 Bb5
30.Qxb4 Nxe3+ 31.fxe3 Bxe2 32.Qa3 Qb8 33.b4 Qb5 34.Qb2 Bxf3+ 35.Kxf3 Qf1+
36.Qf2 Qb1  1/2-1/2

[Event "TCh-CRO Women"]
[Site "Pula CRO"]
[Date "2001.09.11"]
[Round "2"]
[White "Cosma,E"]
[Black "Bazaj Bockai,S"]
[Result "1-0"]
[WhiteElo "2352"]
[BlackElo "2154"]

1.d4 d5 2.c4 c6 3.Nf3 Nf6 4.g3 e6 5.Bg2 Be7 6.O-O O-O 7.Nc3 Nbd7 8.b3 b6
9.Nd2 Ba6 10.e4 dxc4 11.Nxc4 Rc8 12.Re1 b5 13.Ne3 b4 14.Na4 c5 15.d5 exd5
16.exd5 Re8 17.Nb2 Nb6 18.Nbc4 Bf8 19.Bb2 Bb7 20.Qd3 Nxc4 21.bxc4 a5 22.Rad1 Nd7
23.f4 a4 24.Ng4 Rxe1+ 25.Rxe1 a3 26.Ba1 Rb8 27.Qf5 Ba6 28.Nh6+  1-0

[Event "ECC"]
[Site "Panormo GRE"]
[Date "2001.09.23"]
[Round "1"]
[White "Grabarczyk,M"]
[Black "Sherwin,J"]
[Result "1-0"]
[WhiteElo "2499"]
[BlackElo "2359"]

1.d4 d5 2.c4 c6 3.Nf3 Nf6 4.Qc2 dxc4 5.Qxc4 Bf5 6.g3 e6 7.Bg2 Nbd7 8.O-O Be7
9.Nc3 O-O 10.Re1 Ne4 11.Qb3 Qb6 12.Nh4 Bxh4 13.gxh4 Qxb3 14.axb3 Nef6 15.e4 Bg6
16.Bf4 Rfe8 17.Rad1 Bh5 18.f3 h6 19.Kf2 Rad8 20.Bc7 Rc8 21.Bd6 Rcd8 22.e5 Nd5
23.Nxd5 cxd5 24.Rc1 Rc8 25.Bf1 a6 26.Rc3 Nb8 27.Rec1 Nc6 28.b4 Rcd8 29.Ke3 f6
30.b5 axb5 31.Bxb5  1-0

[Event "ECC"]
[Site "Panormo GRE"]
[Date "2001.09.29"]
[Round "7"]
[White "Zoler,D"]
[Black "Starostits,I"]
[Result "1/2-1/2"]
[WhiteElo "2507"]
[BlackElo "2411"]

1.d4 d5 2.c4 c6 3.Nf3 dxc4 4.e3 Be6 5.Qc2 Nf6 6.Bxc4 Bxc4 7.Qxc4 Nbd7 8.O-O e6
9.Nc3 Be7 10.e4 O-O 11.Bf4 Rc8 12.Qb3 Qb6 13.Qxb6 Nxb6 14.Rfd1 Bb4 15.Nd2 Rfd8
16.Be3 Ng4 17.a3 Be7 18.Nf1 Nc4 19.Rab1 Rd7 20.h3 Ngxe3 21.Nxe3 Nb6 22.Kf1 Rcd8
23.Ne2 c5 24.dxc5 Bxc5 25.Rxd7 Rxd7 26.Rc1 Bxe3 27.fxe3 Kf8 28.Nd4 Ke7 29.Ke2 Kd8
30.b3 a6 31.Nf3 f6 32.e5 Rc7 33.Rxc7 Kxc7 34.Nd4 Kd7 35.exf6 gxf6 36.Kd3 Kd6
37.g3 Nd7 38.e4 Nc5+ 39.Ke3 b5 40.b4 Na4 41.Nf3 Nc3 42.Nd2 Nd1+ 43.Ke2 Nb2
44.Ke3 Ke5 45.Nf3+ Kd6 46.Nd2 Ke5 47.Nf3+  1/2-1/2

[Event "Tatry Open"]
[Site "High Tatras SVK"]
[Date "2001.10.03"]
[Round "6"]
[White "Kolesar,Mic"]
[Black "Mitura,V"]
[Result "0-1"]
[WhiteElo "2116"]
[BlackElo "2235"]

1.d4 d5 2.c4 c6 3.Nf3 Nf6 4.Qc2 Bg4 5.Ne5 Bh5 6.cxd5 Qxd5 7.Qc4 Qxc4 8.Nxc4 Nbd7
9.Bf4 Nb6 10.Nxb6 axb6 11.Nc3 b5 12.e3 e6 13.Bd3 Bg6 14.Bxg6 hxg6 15.O-O b4
16.Ne2 Be7 17.Nc1 Nd7 18.Nd3 Rh5 19.Ne5 Nxe5 20.dxe5 g5 21.Bg3 g4 22.f4 gxf3
23.gxf3 Bc5 24.Kf2 Ke7 25.Rac1 b6 26.Rc4 f6 27.a4 bxa3 28.b4 Ra4 29.exf6+ gxf6
30.bxc5 Rxc4 31.cxb6 Rb5 32.Bc7 Rc2+ 33.Kg3 a2  0-1

[Event "TCh-BUL"]
[Site "Pamporovo BUL"]
[Date "2001.10.05"]
[Round "4"]
[White "Todorov,O"]
[Black "Stefanov,K"]
[Result "1-0"]
[WhiteElo "2349"]
[BlackElo "2378"]

1.d4 d5 2.Nf3 c6 3.c4 Nf6 4.Qb3 e6 5.g3 Be7 6.Bg2 O-O 7.O-O Nbd7 8.Nc3 a5
9.Rd1 a4 10.Qc2 dxc4 11.Nxa4 b5 12.Nc3 Nd5 13.e4 Nb4 14.Qb1 Bb7 15.Be3 Nb6
16.a3 Na6 17.Qc2 Nb8 18.Ne5 f6 19.Nf3 N8d7 20.Bh3 Kf7 21.d5 exd5 22.Nd4 Nc5
23.exd5 Nxd5 24.Nxc6 Bxc6 25.Bxc5 Bxc5 26.Nxd5 Qb8 27.Nf4 Kg8 28.Ne6 Qc8
29.Bf5 g6 30.Bh3 Re8 31.Nf4 f5 32.Nd5 Qe6 33.Bg2 Qe5 34.Ne7+ Rxe7 35.Bxc6 Rc8
36.Rd5 Qe6 37.Rxc5 Rxc6 38.Rxb5 Rd6 39.Rd1 Qe4 40.Rb8+ Kf7 41.Qc1 Rd3 42.Rd8 f4
43.R8xd3 cxd3 44.Qxf4+ Qxf4 45.gxf4 Re2 46.b4 d2  1-0

[Event "Essent Open"]
[Site "Hoogeveen NED"]
[Date "2001.10.16"]
[Round "5"]
[White "Van Doeland,J"]
[Black "Peng Zhaoqin"]
[Result "0-1"]
[WhiteElo "2292"]
[BlackElo "2443"]

1.Nf3 d5 2.d4 c6 3.c4 Nf6 4.Qc2 g6 5.e3 Bg7 6.Bd3 O-O 7.O-O Na6 8.a3 Nc7
9.b3 b6 10.Bb2 Bb7 11.Nbd2 Rc8 12.Rad1 Ne6 13.c5 Nd7 14.b4 f5 15.Rfe1 Rc7
16.Qb3 Kh8 17.Bf1 Qc8 18.a4 Nf6 19.Ne5 bxc5 20.dxc5 a5 21.bxa5 Nxc5 22.Qb4 Ne6
23.Qb6 c5 24.a6 Ba8 25.Bb5 c4 26.Bd4 Nc5 27.Ndf3 Nfe4 28.Nxg6+ hxg6 29.Qxg6 Ne6
30.Ne5 Nxd4 31.exd4 Bxe5 32.dxe5 e6 33.f3 Rg7 34.Qh6+ Rh7 35.Qe3 f4 36.Qd4 Nc5
37.Re2 Nb3 38.Qb2 Qc5+ 39.Kh1 Bc6 40.Rc2 Bxb5 41.axb5 Qxb5 42.Qa3 Ra8 43.Ra2 Qc5
44.Qa4 Rha7 45.Rb1 Qb6  0-1

[Event "XVII Moratalaz Open"]
[Site "Madrid ESP"]
[Date "2001.10.19"]
[Round "3"]
[White "Simonenko,S"]
[Black "Horcajada Reales,G"]
[Result "1-0"]
[WhiteElo "2419"]
[BlackElo "2089"]

1.d4 d5 2.c4 c6 3.Nf3 Nf6 4.Qc2 e6 5.g3 c5 6.Bg2 Nc6 7.cxd5 Nxd5 8.dxc5 Qa5+
9.Bd2 Qxc5 10.Nc3 Be7 11.Rc1 Nxc3 12.Bxc3 O-O 13.O-O Qb6 14.Rfd1 Rd8 15.Rxd8+ Qxd8
16.Ne5 Qb6 17.b3 f6 18.Nxc6 bxc6 19.Qe4 Bd7 20.Bh3 Re8 21.Rd1 Bc8 22.Bxe6+ Bxe6
23.Qxe6+ Kf8 24.Qf5 Bc5 25.e4 Kg8 26.Rd7 Be7 27.Qe6+ Kf8 28.e5 Qxf2+ 29.Kxf2 Bc5+
30.Kf1 Rxe6 31.exf6 gxf6 32.Rxh7 Re3 33.Bd2 Rf3+ 34.Ke2 Rf2+ 35.Kd3 Rg2 36.Rc7 Rxh2
37.Rxc6 Be7 38.Ra6 Rg2 39.Bf4 Bc5 40.Rxf6+ Ke7 41.Ra6 Bf2 42.Ke4  1-0

[Event "British Rapidplay"]
[Site "Bradford ENG"]
[Date "2001.10.21"]
[Round "10"]
[White "Parker,J"]
[Black "Hodgson,Ju"]
[Result "0-1"]
[WhiteElo "2539"]
[BlackElo "2589"]

1.d4 d5 2.c4 c6 3.Nf3 Nf6 4.Qb3 a6 5.Bf4 dxc4 6.Qxc4 b5 7.Qc2 e6 8.g3 Bb7
9.Bg2 Nbd7 10.a4 c5 11.O-O cxd4 12.axb5 axb5 13.Nbd2 Be7 14.Nb3 Be4 15.Qd2 d3
16.exd3 Bd5 17.Nfd4 Rxa1 18.Rxa1 O-O 19.Nc6 Qe8 20.Nbd4 b4 21.Nb5 Bxg2 22.Kxg2 Nc5
23.Nxe7+ Qxe7 24.Ra7 Qe8 25.Nc7 Qc6+ 26.f3 Qb6 27.Ra8 Rxa8 28.Nxa8 Qd8 29.d4 Na6  0-1

[Event "VII Sreiber Mem"]
[Site "Subotica YUG"]
[Date "2001.11.05"]
[Round "1"]
[White "Benkovic,P"]
[Black "Jakab,A"]
[Result "1-0"]
[WhiteElo "2413"]
[BlackElo "2369"]

1.Nf3 d5 2.d4 Nf6 3.c4 c6 4.Nbd2 e6 5.g3 Bd6 6.Bg2 O-O 7.O-O Nbd7 8.Qc2 e5
9.cxd5 Nxd5 10.Nc4 Qe7 11.e4 N5b6 12.Nxd6 Qxd6 13.a4 a5 14.Be3 exd4 15.Nxd4 Re8
16.Nf5 Qc7 17.Rfd1 Nf8 18.Bf4  1-0

[Event "TCh-CZE 2001-2"]
[Site "CZE"]
[Date "2001.11.18"]
[Round "3"]
[White "Likavsky,T"]
[Black "Vavra,P1"]
[Result "0-1"]
[WhiteElo "2415"]
[BlackElo "2451"]

1.d4 d5 2.c4 c6 3.Nf3 dxc4 4.e3 b5 5.a4 e6 6.b3 Bb4+ 7.Bd2 Bxd2+ 8.Nbxd2 cxb3
9.axb5 b2 10.Ra2 Ne7 11.Qb3 Bb7 12.Ne4 cxb5 13.Bxb5+ Kf8 14.Nfd2 Bxe4 15.Nxe4 Qd5
16.Qxd5 b1=Q+ 17.Ke2 exd5 18.Rxb1 dxe4 19.Bc4 Nbc6 20.Rb7 g6 21.Bb3 a5 22.d5 Ne5
23.f4 Nd3 24.Rc2 a4 25.Ba2 Rc8 26.Kd1 Rxc2 27.Kxc2 Nf5 28.Kd2 Kg7 29.d6 Nxd6
30.Rd7 Rb8  0-1

[Event "TCh-CZE 2001-2"]
[Site "CZE"]
[Date "2001.11.18"]
[Round "3"]
[White "Stocek,J"]
[Black "Trichkov,V"]
[Result "1-0"]
[WhiteElo "2545"]
[BlackElo "2331"]

1.d4 d5 2.c4 c6 3.Nf3 Nf6 4.Qc2 g6 5.Bf4 Bf5 6.Qb3 Qb6 7.e3 Nbd7 8.Nc3 Bg7
9.h3 h6 10.Be2 O-O 11.g4 Be4 12.Nxe4 Nxe4 13.cxd5 cxd5 14.Qxb6 Nxb6 15.Ne5 Rac8
16.f3 g5 17.Bh2 Nf6 18.Kd2 Nfd7 19.Nxd7 Nxd7 20.Rac1 a6 21.Bd3 Nb6 22.Bc7 Na8
23.Ba5 e5 24.dxe5 Bxe5 25.Bf5 Rxc1 26.Rxc1 d4 27.Rc2 dxe3+ 28.Kxe3 b6 29.Bc3 Bf4+
30.Kf2 Nc7 31.Bd4 b5 32.Rc6 Rd8 33.Bc3 Nd5 34.Ba5 Ne7 35.Rxa6  1-0

[Event "ch-BRA"]
[Site "Sao Paolo BRA"]
[Date "2001.12.22"]
[Round "7"]
[White "Lima,Da"]
[Black "Matsuura,E"]
[Result "0-1"]
[WhiteElo "2543"]
[BlackElo "2421"]

1.d4 d5 2.c4 c6 3.Nf3 Nf6 4.Nbd2 Bf5 5.g3 e6 6.Bg2 Be7 7.O-O h6 8.b3 O-O
9.Bb2 Ne4 10.Ne5 Nxd2 11.Qxd2 Nd7 12.Nd3 a5 13.f3 Bh7 14.e4 c5 15.cxd5 exd5
16.e5 Rc8 17.Rac1 c4 18.Nf2 b5 19.bxc4 dxc4 20.d5 Bb4 21.Qe2 Nb6 22.d6 Re8
23.Rfd1 c3 24.Ba1 c2 25.Rf1 Bxd6 26.f4 Ba3 27.Ne4 Bxc1 28.Rxc1 Nd5 29.Bh3 Bxe4
30.Qxe4 Nb4 31.Bf1 Qd2 32.Bb2 Nxa2 33.Bd3 Qxd3 34.Qxd3 Nxc1 35.Bxc1 Red8
36.Qe3 Rd1+ 37.Kf2 Rxc1 38.Qxc1 b4 39.Ke2 b3 40.Kd2 Rd8+  0-1

[Event "6th Open"]
[Site "Bad Zwesten GER"]
[Date "2002.01.04"]
[Round "1"]
[White "Epishin,V"]
[Black "Nazarenus,M"]
[Result "1-0"]
[WhiteElo "2599"]
[BlackElo "2086"]

1.d4 d5 2.c4 c6 3.Nf3 Nf6 4.Qb3 dxc4 5.Qxc4 Bf5 6.g3 e6 7.Bg2 Be7 8.O-O O-O
9.Bd2 Nbd7 10.Rd1 Rc8 11.b4 h6 12.Be1 Qc7 13.Nbd2 e5 14.dxe5 Nxe5 15.Nxe5 Qxe5
16.Nf3 Qc7 17.Nd4 Bg6 18.Rac1 Rfe8 19.Bc3 Rcd8 20.Nb3 Nd7 21.Na5 Nb6 22.Qb3 Rxd1+
23.Rxd1 Bf5 24.a3 Bf8 25.e3 Be6 26.Qc2 Nd5 27.Bb2 Qb8 28.e4 Nb6 29.h3 Qc8
30.Kh2 Nd7 31.f4 f6 32.Nb3 c5 33.Rc1 Nb6 34.Nxc5 Bxc5 35.bxc5 Nc4 36.Bd4 Rd8
37.Qc3 Qd7 38.Rd1 Qa4 39.Rd3 Nxa3 40.Bf2 Rxd3 41.Qxd3 Bf7 42.e5 fxe5 43.fxe5 Nc4
44.Qd8+ Kh7 45.e6 Bg6 46.Bd4  1-0

[Event "7th Hotel"]
[Site "Opatija CRO"]
[Date "2002.01.08"]
[Round "2"]
[White "Szuhanek,R"]
[Black "Loncar,R"]
[Result "1/2-1/2"]
[WhiteElo "2434"]
[BlackElo "2442"]

1.Nf3 Nf6 2.c4 c6 3.d4 d5 4.Qc2 dxc4 5.Qxc4 Bf5 6.g3 e6 7.Bg2 Nbd7 8.O-O Be7
9.Nc3 h6 10.e3 O-O  1/2-1/2

[Event "18th Open"]
[Site "Skopje MKD"]
[Date "2002.01.17"]
[Round "3"]
[White "Efimov,I"]
[Black "Andonovski,L"]
[Result "1-0"]
[WhiteElo "2444"]
[BlackElo "2330"]

1.d4 d5 2.c4 c6 3.Nf3 Nf6 4.Qc2 dxc4 5.Qxc4 b5 6.Qc2 Bb7 7.e4 e6 8.Bg5 Qb6
9.Nc3 Nbd7 10.Bd3 h6 11.Bf4 a6 12.e5 Nd5 13.Nxd5 cxd5 14.h4 Rc8 15.Qe2 Bb4+
16.Kf1 Nb8 17.Rh3 Nc6 18.Rd1 Bf8 19.h5 Nb4 20.Bb1 a5 21.g4 Ba6 22.Kg2 Nc6
23.Qe3 b4 24.g5 hxg5 25.Nxg5 Be7 26.Nxf7 Kxf7 27.Bg6+ Kg8 28.h6 gxh6 29.Bxh6 Bf8
30.Bxf8 Rxh3 31.Qxh3 Kxf8 32.Qxe6  1-0

[Event "Cup"]
[Site "Kali HUN"]
[Date "2002.01.25"]
[Round "10"]
[White "Bodo,N"]
[Black "Czebe,A"]
[Result "1/2-1/2"]
[WhiteElo "2339"]
[BlackElo "2489"]

1.Nf3 d5 2.d4 c6 3.c4 dxc4 4.g3 Nf6 5.Bg2 b5 6.O-O e6 7.Ne5 Qb6 8.a4 Bb7
9.e4 a6 10.Be3 c5 11.d5 exd5 12.exd5 Bd6 13.Ng4 Nxg4 14.Qxg4 O-O 15.Nc3 f5
16.Qh4 Nd7 17.Bf4 Ne5 18.Bxe5 Bxe5 19.axb5 axb5 20.Rxa8 Rxa8 21.Qe7 Bf6 22.Qd7 Rd8
23.Qxf5 b4 24.Ne4 Bd4 25.d6 Bxe4 26.Bxe4 g6 27.Qd5+ Kg7 28.d7 Qf6 29.Qxc4 Rxd7
30.b3 Ra7 31.Qc2 Ra3 32.Bd3 Qf3 33.Bc4 Qa8 34.Qe2 Ra2 35.Qe7+ Kh8 36.Qf7 Ra7
37.Qd5 Qb8 38.Kg2  1/2-1/2

[Event "Kaissa Open"]
[Site "Kharkov UKR"]
[Date "2002.01.25"]
[Round "4"]
[White "Nosenko,A"]
[Black "Biriukov,N"]
[Result "1-0"]
[WhiteElo "2458"]
[BlackElo "2267"]

1.d4 d5 2.c4 c6 3.Nf3 Nf6 4.Qb3 e6 5.Bg5 h6 6.Bh4 Nbd7 7.e3 a6 8.a4 g5 9.Bg3 Ne4
10.Nfd2 Nxg3 11.hxg3 g4 12.Be2 f5 13.Nc3 Bg7 14.cxd5 exd5 15.Bd3 Nf6 16.Qc2 Ne4
17.Bxe4 fxe4 18.Ne2 Qd6 19.Nf4 a5 20.Rc1 Bd7 21.Qb3 Qb4 22.Qa2 Qd6 23.Nb1 O-O
24.Nc3 Rf7 25.Kf1 b6 26.Kg1 Bf8 27.Qb3 Rb8 28.Qc2 Be7 29.Nce2 Bg5 30.Qd2 Be8
31.b3 Rf6 32.Rb1 Rf7 33.b4 axb4 34.Qxb4 Qxb4 35.Rxb4 Ra7 36.Nc3 Kf7 37.Kh2 Bd8
38.Rb3 Bd7 39.Rhb1 Rba8 40.Kg1 Bc8 41.R3b2 Bd7 42.Rf1 Kg7 43.Re1 Ra6 44.Nfe2 R6a7
45.Nc1 Be8 46.N1a2 Ra5 47.Nb4 Bd7 48.Rc1 Rc8 49.Kf1 c5 50.dxc5 Raxc5 51.Rbc2 Rc4
52.Ncxd5 Rxc2 53.Rxc2 Rxc2 54.Nxc2 Bxa4 55.Nd4 Bd7 56.Ke2 Kg6 57.Kd2 b5 58.Kc2 h5
59.Nc3 b4 60.Nd5 Ba4+ 61.Kb2 Ba5 62.Nb3 Bd8 63.Nxb4  1-0

[Event "Corus B"]
[Site "Wijk aan Zee NED"]
[Date "2002.01.26"]
[Round "10"]
[White "Werle,J"]
[Black "Peng Zhaoqin"]
[Result "1/2-1/2"]
[WhiteElo "2481"]
[BlackElo "2460"]

1.Nf3 d5 2.d4 c6 3.c4 dxc4 4.e3 b5 5.a4 e6 6.b3 Bb4+ 7.Bd2 Bxd2+ 8.Nfxd2 cxb3
9.axb5 b2 10.Ra2 Bb7 11.Ne4 cxb5 12.Bxb5+ Kf8 13.Qd3 Nf6 14.Nxf6 gxf6 15.f3 Nc6
16.Bxc6 Bxc6 17.Rxb2 Kg7 18.O-O Rb8 19.Rxb8 Qxb8 20.Nc3 Qb3 21.Rb1 Qa3 22.e4 Rc8
23.Qd2 Ba4 24.Rc1 a5 25.g4 h6 26.h4 Bd7 27.g5 hxg5 28.hxg5 fxg5 29.Qxg5+ Kf8
30.Qd2 Rc4 31.Kg2 Qd6 32.e5 Qxd4 33.Qh6+ Ke7 34.Qf6+ Ke8 35.Rh1 Qd2+ 36.Kg3 Rg4+
37.fxg4 Qxc3+ 38.Kh4 Qc2 39.Qh8+ Ke7 40.Qf6+ Ke8 41.Kg5 Qd2+ 42.Qf4 Qxf4+
43.Kxf4 Kf8 44.Rh8+ Kg7 45.Ra8 a4 46.Ra7 Bb5 47.Ke3 Kg6 48.Kd4 Be2 49.g5 Bh5
50.Rxa4 Kxg5 51.Ra1 Bg6 52.Rf1 Bf5 53.Kc5 Bg6 54.Kd6 Bh5 55.Ke7 Bg6 56.Kf8 Bh5
57.Kg7 Bg6 58.Rf6 Bh5 59.Rf2 Bg6 60.Rh2 Kf5 61.Re2 Kg5 62.Rf2  1/2-1/2

[Event "TCh-FRA Nat 1"]
[Site "Monaco FRA"]
[Date "2002.02.03"]
[Round "3"]
[White "Karr,JP"]
[Black "Rausis,I"]
[Result "1/2-1/2"]
[WhiteElo "2402"]
[BlackElo "2466"]

1.d4 d5 2.c4 c6 3.Nf3 dxc4 4.a4 Nf6 5.Nc3 Na6 6.e3 Bg4 7.Bxc4 e6 8.O-O Nb4
9.Qe2 Be7 10.Rd1 O-O 11.h3 Bh5 12.a5 c5 13.g4 Bg6 14.e4 cxd4 15.Nxd4 Qc7
16.Bb3 Rad8 17.Bg5 h6 18.Bh4 Qc5 19.Nf3 Rxd1+ 20.Rxd1 Nc6 21.e5 Nh7 22.Bxe7 Qxe7
23.a6 bxa6 24.Qxa6 Nb4 25.Qb5 a6 26.Rd7 Qe8 27.Qb7 Nd3 28.Re7 Qd8 29.Bc4 Nxb2
30.Bxa6 Qa5 31.Qxb2 Qxa6 32.Qd2 Rc8 33.Rc7 Ra8 34.Kg2 Qa5 35.Qd6 Ng5 36.Nxg5 hxg5
37.Qc5 Kh7 38.Rc6 Qd8 39.Qd6 Qe8 40.Rc7 Rd8 41.Qc5 Rb8 42.Qc6 Qxc6+ 43.Rxc6 Rd8
44.f3 Rd2+  1/2-1/2

[Event "Mimoza Open"]
[Site "Herceg Novi YUG"]
[Date "2002.02.06"]
[Round "5"]
[White "Tadic,B"]
[Black "Pavlovic,Dej"]
[Result "0-1"]
[WhiteElo "2459"]
[BlackElo "2277"]

1.Nf3 d5 2.d4 Nf6 3.c4 c6 4.Qc2 e6 5.b3 Nbd7 6.g3 Bd6 7.Bb2 O-O 8.Bg2 a5
9.O-O Qe7 10.Nc3 dxc4 11.bxc4 e5 12.e3 Re8 13.Rad1 Rb8 14.Nd2 Bc7 15.d5 cxd5
16.cxd5 b5 17.Nde4 Bd6 18.Nxd6 Qxd6 19.Rc1 b4 20.Nb1 e4 21.Rfd1 Bb7 22.Nd2 Rbc8
23.Qb1 Rxc1 24.Qxc1  0-1

[Event "13th Asian Cities"]
[Site "Aden YEM"]
[Date "2002.02.08"]
[Round "2"]
[White "Moradiabadi,E"]
[Black "Ardiansyah,H"]
[Result "0-1"]
[WhiteElo "2359"]
[BlackElo "2399"]

1.Nf3 Nf6 2.c4 c6 3.d4 d5 4.Qc2 e6 5.g3 Bb4+ 6.Bd2 Be7 7.Bg2 Ne4 8.O-O O-O
9.Bf4 Nd7 10.Nbd2 g5 11.Be3 Nd6 12.cxd5 cxd5 13.Nb3 b6 14.Qc1 h6 15.Ne5 Bb7
16.Nd3 Nc4 17.f4 Re8 18.Bf2 f5 19.Qd1 Nf6 20.Nd2 Ne4 21.Nxc4 dxc4 22.Ne5 gxf4
23.gxf4 Kh7 24.Kh1 Rg8 25.Nf3 Qe8 26.Be1 Qh5 27.Rg1 Rg4 28.Rc1 b5 29.Rc2 Rag8
30.e3 Bd5 31.Qe2 Bf6 32.Qf1 a5 33.h3 c3 34.b3 Ng3+ 35.Bxg3 Rxg3 36.Rf2 c2  0-1